000 00766nam a2200229Ia 4500
001 9043
003 GE_BSU
008 181216s||||||||xx |||||||||||||| ||und||
040 _cGE_BSU
080 _a821.353.1-32
100 _aკობერიძე,კარლო
245 _aჩემო ცაგახსნილო ვენახო
245 _bმოთხრობები
245 _cრედ:გ.ლაბაძე;მხატვ:დ.ზარაფიშვილი
260 _aთბილისი.
260 _bნაკადული.
260 _c1969.
300 _a191გვ;16სმ.
653 _aმოთხრობები
653 _aჩემო ცაგახსნილო ვენახო
942 _cBK
999 _c42347
_d42347